000 00282nam a2200121Ia 4500
100 _aDearden/John
942 _cBK
654 _aManagement
245 _aComputers In Business Management
260 _bTaraporevala Publshing Industries
_c2001
300 _a300
546 _aENGLISH
999 _c32253
_d32253